000
00309nam a2200121Ia 4500
008
190723s9999 xx 000 0 und d
020
_a
978-81-265-6048-6
100
_a
William Penberthy
245
0
_a
Beginning ASP.NET for visual studio 2015
260
_a
Indiana
_b
Wrox
_c
2016
300
_a
764.:p
942
_c
BK
999
_c
1610
_d
1610